000 01072cam a2200229 4500
001 ABS63734
008 000000n2001 000 0 eng u
035 _a(Sirsi) u111592
100 _aWilliams, P.J.G.
245 _aAccidents will happen
260 _c2001
490 _aEstates Gazette
_v(0111) 17 March 2001, 168(1)
520 _aThe second of two articles dealing with the effects of varying the terms of a lease. Highlights how the inadvertant creation of a new lease, resulting from changes made to the original, can cause problems for both landlord and tenant. Discusses these likely problems and concerns. For instance, the landlord may discover that he has unexpectedly given the tenant security of tenure. Meanwhile the tenant may find he has to pay stamp duty again. Offers guidance on how to avoid the problems highlighted.
590 _aABS
650 _aLEASES
650 _aSURRENDER AND RE-GRANT
650 _aALTERATIONS
650 _aSECURITY OF TENURE
650 _aSTAMP DUTY
690 _aLANDLORD AND TENANT-LEASES
942 _n0
999 _c66485
_d66485